000 00406nam a2200157 4500
005 20260209164213.0
008 cuc123
020 _a9780620370066
050 _aHF 5548.4 KEL
_b1
100 _aKELLY, PAULA ed
245 _aTraining for ICDL:
_bA Practical course in windows XP AND OFFICE 2003
260 _aDublin
_bBlackrock edu. center
_c2006c
300 _aix,460p
500 _atabs
942 _2lcc
_cBK
_n0
999 _c8670
_d8670